[Event "Linares 17th"]
[Site "Linares"]
[Date "2000.03.09"]
[Round "9"]
[White "Shirov, Alexei"]
[Black "Kramnik, Vladimir"]
[Result "1/2-1/2"]
[WhiteElo "2751"]
[BlackElo "2758"]
[Annotator "Rogozenco,D"]
[PlyCount "65"]
[EventDate "2000.02.28"]
[EventType "tourn"]
[EventRounds "10"]
[EventCountry "ESP"]
[EventCategory "21"]
[SourceTitle "CBM 076"]
[Source "ChessBase"]
[SourceDate "2000.05.31"]
[SourceVersion "1"]
[SourceVersionDate "2000.05.31"]
[SourceQuality "1"]

1. e4 {King} c5 2. Nf3 Nc6 3. d4 cxd4 4. Nxd4 Nf6 5. Nc3 e5 6. Ndb5 d6 7. Bg5
a6 8. Na3 b5 9. Bxf6 gxf6 10. Nd5 Bg7 11. Bd3 Ne7 12. Nxe7 Qxe7 13. O-O O-O 14.
c4 (14. c3 {is the alternative. The game move begins a direct attack on
Black's queenside.}) 14... f5 15. Qf3 {This move exerts a big pressure on the
Black's position. The main threat is 16.exf5.} Re8 {'!?' King. This is
probably the only playable alternative to the main 15. ... bxc4.} (15... bxc4
16. Nxc4 d5 17. exd5 e4 18. Qe3 Bb7 19. d6 $1 (19. Rfd1 Bxd5 20. Nb6 Rad8 21.
Nxd5 Rxd5 22. Bxa6 {leads only to a draw.}) 19... Qf6 20. Bc2 f4 21. Qh3 Rac8
22. Bb3 (22. b3 {In the practice Black had good results after it, but the
evaluation of this wild position remains very unclear.}) 22... Rc5 23. Rad1 Rg5
24. d7 $2 (24. Rd2 $1 {[%cal Rd2g2] defending on g2!} Rd8 $1 $13 {and only
future practice can help to understand this extremely complicated position.} (
24... Bd5 $2 25. Nb6 Bxb3 26. Nd7 Qe6 27. Qxe6 Bxe6 28. Nxf8 Bxf8 29. d7 $18) (
24... Qg6 25. d7 $16)) 24... e3 $1 $132 {[%csl Rg2] 0-1 Moraru,M-Rogozenko,D/
Bucharest Fest EM 1998/ (42)}) 16. Rfe1 b4 (16... f4 17. Qh5 (17. cxb5 Qg5 18.
h3 (18. Qe2 Re6 $1 19. bxa6 Rg6 20. g3 h5 $44 {Ochoa de Echaguen,F}) 18... d5
$1 19. exd5 f5 $44 {Pons,B-Vallejo/Menorca 1993/}) 17... b4 18. Nc2 Rb8 19. b3
Rb6 20. h3 Kh8 21. a3 bxa3 22. Rxa3 Rg8 23. Kf1 Bf8 24. b4 Rg5 25. Qf3 d5 26.
exd5 Rh6 27. c5 Rxg2 28. Kxg2 Qg5+ 29. Kh2 Bxh3 30. Qxh3 Rxh3+ 31. Kxh3 Qh5+
32. Kg2 f3+ 33. Kg3 Bh6 34. Re4 f5 35. Rh4 Qg5+ 36. Kxf3 Qxh4 37. Ke2 Qg4+ 38.
Ke1 Qf4 39. d6 Qc1+ 40. Ke2 e4 {0-1 Egger,J-Sosa Macho,J/Rancagua 1993/Juniors
(40)}) 17. Nc2 f4 {King: 'Before forcing the knight back to c2, Kramnik
cleverly threw in ...Re8 to drag White's rook to e1. Why? Because the knight
might want to re-route via e1 in some positions, and now it takes a move
longer.'} 18. Be2 ({I wonder why White decided to decline the pawn sac} 18.
Nxb4 {If} Qb7 (18... Qg5 {(King) threatening ...Bg4} 19. h3 (19. Qe2 Re6 20.
Kh1 Rh6 $40) 19... h5 ({If that fails Black can always play more modestly by
recovering the pawn:} 19... Rb8) 20. Nd5 Bg4 21. hxg4 hxg4 22. Qe2 Re6 $40) 19.
Nd5 $16 (19. Nd5 Qxb2 20. Nc7)) 18... Rb8 19. b3 Kh8 20. Qh5 {King: 'Black
could easily slip into a passive position if he isn't careful. The next move
is brilliant:'} d5 {[%cal Rb8b6,Rb6h6,Re8g8,Gh6h2,Gg8g2] This positional pawn
sacrifice cleans the 3rd rank for the Rook. '!' King.} 21. cxd5 Rb6 {King:
'The third rank has been cleared for the rook to swing across to attack the
king. The pawn sacrifice has transformed Black's position.'} 22. Rad1 a5 (22...
Rh6 23. d6 $5 (23. d6 $1 {King} Rxd6 24. Rxd6 Qxd6 25. Rd1 $16 {Compare this
with the game - here the b-pawn is unprotected.})) 23. d6 {White decides to
return the extra pawn, opening the d-file and exchanging one Rook pair.
Otherwise Black has an easy play on h- and g-files, while despite his extra
pawn is more difficult for White to create counterplay. King: 'Shirov takes no
chances and simplifies to an equal ending.'} Rxd6 24. Rxd6 Qxd6 25. Rd1 (25.
Qxf7 Rf8 (25... Rd8 26. Qa7 Qd2 27. Qxa5 {[%cal Ra5d8]}) 26. Qa7 (26. Qd5 Qb6 {
[%cal Rc8b7]} 27. Qb5 $140 Qxb5 28. Bxb5 Rd8 $44) (26. Qc4 {King} Be6 27. Qd3
Qxd3 28. Bxd3 Rc8 $44 {White's knight is still very poorly placed - it lacks
solid protection.}) 26... Qd2 $44) 25... Qg6 26. Qxg6 hxg6 27. Bc4 Be6 28. Bxe6
Rxe6 29. Rd5 Rc6 $132 30. Ne1 Rc1 31. Kf1 f5 32. f3 Bf6 $1 33. Kf2 (33. Rxa5 $4
Bh4 $19) 1/2-1/2

[Event "Linares 17th"]
[Site "Linares"]
[Date "2000.03.10"]
[Round "10"]
[White "Kramnik, Vladimir"]
[Black "Leko, Peter"]
[Result "1/2-1/2"]
[WhiteElo "2758"]
[BlackElo "2725"]
[Annotator "Alterman,B"]
[PlyCount "51"]
[EventDate "2000.02.28"]
[EventType "tourn"]
[EventRounds "10"]
[EventCountry "ESP"]
[EventCategory "21"]
[SourceTitle "CBM 076"]
[Source "ChessBase"]
[SourceDate "2000.05.31"]
[SourceVersion "1"]
[SourceVersionDate "2000.05.31"]
[SourceQuality "1"]

1. d4 Nf6 2. Nf3 c5 3. d5 g6 4. Nc3 Bg7 5. e4 d6 6. Bb5+ Bd7 7. a4 O-O 8. O-O
Bxb5 $5 {Most common here} (8... e6 9. Bxd7 Qxd7 10. dxe6 fxe6 11. e5 dxe5 12.
Nxe5 Qxd1 13. Rxd1 Nd5 14. Nxd5 Bxe5 15. Ne3 Nc6 16. c3 Rad8 17. Re1 Na5 18.
Ng4 Bf4 19. Bxf4 Rxf4 20. f3 $14 {Giaccio,A-Malbran,G/Buenos Aires 1999/EXT
2000/1/2-1/2 (100)}) 9. axb5 Nbd7 10. Qe2 Ne8 11. Bf4 $146 (11. Nd2 Nc7 12. Nc4
a6 13. bxa6 Rxa6 14. Bg5 Nb6 15. Rxa6 Nxa6 16. Bxe7 Qxe7 17. Nxb6 Re8 18. Re1
Nc7 19. g3 $16 {Bellon Lopez,J-Borgo,G/Cutro 1997/EXT 2000/1/2-1/2 (41)}) 11...
Nc7 {Black prepared a7-a6 to open position in the Queenside and to create a
countreplay.} 12. Rfd1 a6 13. bxa6 Nxa6 14. e5 {[%cal Ge5d6] Breakthrough in
the centre promise for white some initiative.} dxe5 15. Nxe5 Nxe5 16. Bxe5 Bxe5
17. Qxe5 Qd6 $1 {[%mdl 256]} 18. Qg5 {Most typical looks} (18. Qxd6 exd6 19.
Nb5 Rfd8 20. c3 $14 {[%csl Ra6][%mdl 48] With some pressure in the centre.})
18... Nc7 19. Ne4 Rxa1 20. Rxa1 f6 21. Nxd6 fxg5 22. Nxb7 {Looks that White
deserve an advantage but next strong black's moves secure a draw.} Rb8 23. Na5
$6 {More chances was after} (23. Nxc5 Rxb2 24. Rc1 Nxd5 25. Nd3 Ra2 26. c4 Nc7
$14 {[%csl Ga2][%cal Gg8f7,Gf7f6]} (26... Rd2 27. Ne1 $1 Nf4 28. Kf1 {[%cal
Gc4c8]}) (26... Nf4 27. Nxf4 gxf4 28. c5 Kf7 29. c6 Ra8 30. Kf1 Ke6 31. Ke2 {
[%cal Ge2f3]})) 23... Rxb2 24. c4 Rc2 25. h3 Ne8 26. Nc6 (26. Nc6 Kf8 27. Ne5
Nd6 28. Ra8+ Kg7 $11) 1/2-1/2

[Event "Internet Chess Club g/3'"]
[Site "ICC INT"]
[Date "2000.03.14"]
[Round "?"]
[White "Kramnik, Vladimir"]
[Black "Vallejo Pons, Francisco"]
[Result "0-1"]
[WhiteElo "2758"]
[BlackElo "2528"]
[PlyCount "88"]
[EventDate "2000.03.??"]
[EventType "game (blitz)"]
[EventRounds "1"]
[EventCountry "USA"]
[SourceTitle "EXT 2005"]
[Source "ChessBase"]
[SourceDate "2004.11.15"]
[SourceVersion "1"]
[SourceVersionDate "2004.11.15"]
[SourceQuality "1"]

1. e4 e6 2. d4 d5 3. e5 c5 4. c3 Nc6 5. Nf3 Nh6 6. Bd3 cxd4 7. cxd4 Nf5 8. Bxf5
exf5 9. Nc3 Be6 10. Ne2 Be7 11. Nf4 Qa5+ 12. Bd2 Qa6 13. Qe2 Qxe2+ 14. Kxe2 Kd7
15. h4 Rac8 16. Rac1 g6 17. Kd3 h6 18. a3 Rcg8 19. b4 a6 20. Rb1 Na7 21. a4 Rc8
22. Rhc1 Rc4 23. Nxe6 Rxc1 24. Nf8+ Rxf8 25. Rxc1 Nc6 26. Rb1 b5 27. axb5 axb5
28. Bxh6 Rh8 29. Bg5 Bxb4 30. Ra1 Ba5 31. Bf6 Rc8 32. Ke2 Bc3 33. Rd1 b4 34.
Kd3 Rb8 35. Rb1 Ra8 36. Bg5 Ra3 37. Ke2 Ra2+ 38. Ke3 Ra3 39. Ke2 Bxd4 40. Bd2
Bc3 41. Bc1 Ra2+ 42. Ke3 d4+ 43. Kf4 Rxf2 44. Kg3 Rf1 0-1

[Event "Amber-blindfold 09th"]
[Site "Monte Carlo"]
[Date "2000.03.16"]
[Round "1"]
[White "Kramnik, Vladimir"]
[Black "Piket, Jeroen"]
[Result "1-0"]
[WhiteElo "2758"]
[BlackElo "2633"]
[Annotator "Huebner,R"]
[PlyCount "59"]
[EventDate "2000.03.16"]
[EventType "tourn (rapid)"]
[EventRounds "11"]
[EventCountry "MNC"]
[EventCategory "18"]
[SourceTitle "CBM 076"]
[Source "ChessBase"]
[SourceDate "2000.05.31"]
[SourceVersion "1"]
[SourceVersionDate "2000.05.31"]
[SourceQuality "1"]

1. d4 d5 2. c4 c6 3. Nf3 Nf6 4. Nc3 dxc4 5. a4 Bf5 6. Nh4 e6 7. Nxf5 exf5 8. e3
Bb4 9. Bxc4 O-O 10. O-O Nbd7 11. Qc2 (11. h3 a5 (11... g6 $5 12. Qf3 h5 (12...
Qa5 13. Ne2 Rae8 14. b3 Ne4 15. Ng3 Nd6 $15 {Polugaevskij-Ivancuk, Biel 1989,
Inf. 48/(505)})) 12. Qf3 Nb6 13. Bb3 g6 14. g4 fxg4 15. hxg4 h5 16. gxh5 Nxh5
$13 {Vaganjan-Beljavskij, Reggio Emilia 1987/88, Inf. 45/441}) (11. f3 Qa5 (
11... Nb6 12. Bb3 Qd7 13. a5 (13. Qd3 Rad8 14. a5 Nc8 15. Bc2 g6 (15... Nd6 16.
Ra4 Bxc3 17. bxc3 $16 {Aseev-Solozenkin, UdSSR 1988, Inf. 45/(442)}) (15... Ne7
$5 {Inf. 45/(442)}) 16. Ra4 c5 17. Na2 b5 18. axb6 Nxb6 19. Ra6 $14 {Aseev,
Inf. 42/(442)}) 13... Nbd5 14. Qd3 Be7 15. e4 Nb4 16. Qc4 Rad8 17. Be3 $16 {
Jusupov-Ehlvest, Saint John (cm/1) 1988, Inf. 45/442}) (11... Qe7 12. Qc2 g6
13. e4 fxe4 (13... c5 14. Bg5 Bxc3 15. Qxc3 Qd6 16. dxc5 Qxc5+ 17. Be3 Qc6 18.
exf5 Rac8 19. Rfc1 Nb6 20. Bb3 Qxc3 21. Rxc3 Rxc3 22. bxc3 gxf5 23. Bd4 Nh5 24.
Re1 $16 {Aseev-Chalifman, UdSSR 1988, Inf. 45/(442)}) 14. fxe4 Bxc3 15. bxc3
Qxe4 16. Qb3 $44 {Aseev, Inf. 45/(442)}) 12. Qc2 (12. Qb3 Qb6 13. Kh1 Rad8 (
13... c5 $5 14. Na2 Ba5 15. Qc2 Rac8 $13 {Aseev, Inf. 46/502}) 14. Ne2 c5 15.
Ng3 f4 16. Nf5 cxd4 17. a5 Bxa5 18. exd4 $13 {Aseev-Savcenko, UdSSR 1988, Inf.
46/502}) 12... c5 (12... Rad8 13. Na2 Bd6 14. Bd2 Qc7 15. Qxf5 Bxh2+ 16. Kh1
Bd6 17. Nc3 g6 18. Qh3 $14 {Lputjan-Velikov, Saint John (open I) 1988, Inf. 45/
443}) 13. Na2 cxd4 14. Nxb4 Qxb4 15. exd4 Nb6 $10 {Jusupov-Chandler, Linares
1988, Inf. 45/444}) 11... g6 12. f3 (12. Rd1 Qe7 (12... Qc7 13. Be2 a5 14. Bf3
Nb6 15. g3 Qe7 16. Bd2 Rfd8 17. Rac1 Qe6 18. Be1 $10 {Mihal'cisin-Bareev, Lvov
1987, Inf. 45/(441)}) 13. Be2 Nb6 $6 {13...a5!?} 14. a5 Nbd5 15. a6 b5 16. Na2
$13 {Mihal'cisin-Beljavskij, UdSSR 1987, Inf. 45/(441)}) 12... Qb6 {Schwarz
drückt auf den Punkt d4, um e3-e4 zu erschweren. Vielleicht kommt in dieser
Stellung auch 12...Sb6 13.Lb3 a5 in Betracht.} 13. Kh1 Rae8 (13... c5 $5) 14.
Qf2 Re7 (14... c5 15. Qh4 Rc8 16. Ba2 Rfd8 17. Bd2 Nf8 18. a5 Qa6 19. Rfd1 c4
20. Be1 Re8 21. e4 Bxc3 22. Bxc3 fxe4 23. d5 N8d7 24. Rd4 {Natürlich ist diese
Stellung völlig unklar. 1/2-1/2 Jussupow,A-Kramnik,V/Riga 1995/CBM 47/(24).})
15. e4 $1 fxe4 ({Auch die Fortsetzung} 15... Bxc3 16. bxc3 fxe4 17. Bh6 {
überläßt dem Weißen das bessere Spiel.}) 16. Nxe4 $6 ({Unklar sind die
Konsequenzen von} 16. fxe4 Bxc3 17. bxc3 Nxe4 18. Qh4 Rfe8 ({Die Folge} 18...
Qd8 19. Ba3 c5 20. Rae1 {gibt dem Weißen eine gefährliche Initiative in die
Hand.}) 19. Ba3 c5 20. Rxf7 Rxf7 21. Bxf7+ Kxf7 22. Qxh7+ Ke6 23. Qxg6+ Ndf6
24. Rf1 (24. Re1 Kd7) 24... Qa6) 16... Nd5 17. Bg5 f6 18. Bh6 Rfe8 19. a5 Bxa5
20. Nd6 Rb8 21. Bf4 Bb4 $2 ({Am sichersten sieht die Fortsetzung} 21... Ra8 22.
Nxb7 Qxb7 23. Rxa5 N7b6 $11 {mit gleichem Spiel aus.}) (21... Kh8 22. Bxd5 cxd5
23. Rfc1 Qd8 24. Nb5 Ra8 25. Bd6 Rf7 (25... Rg7 26. Bc7 Bxc7 27. Nxc7 {kostet
die Qualität, denn} Nc5 28. Nxa8 Nb3 29. Rxa7 Nxc1 30. Qc2 {ist unzuträglich
für Schwarz.}) 26. b4 Bb6 27. Qa2 Nf8 {führt ebenfalls zu befriedigendem Spiel
für Schwarz.}) 22. Nf5 Re6 $6 ({Schwarz konnte besseren Widerstand leisten.
Nach} 22... gxf5 23. Bxb8 Nxb8 24. Qg3+ Kf7 25. Qxb8 Qxd4 26. Bxd5+ cxd5 27.
Rxa7 Bd6 28. Qxd6 Qxa7 29. Qxd5+ Kg7 30. Qxf5 Qf2 31. Qg4+ Kh8 32. Qc8+ Kg7 33.
Qc1 $16 {ist die technische Aufgabe des Weißen noch nicht einfach; am besten
war aber wohl}) (22... Rbe8 23. Nxe7+ Rxe7 {usw.}) 23. Bxb8 Nxb8 24. Ne3 Rd6
25. Qg3 Nd7 26. Bb3 $18 Qxd4 27. Bxd5+ cxd5 28. Nf5 Qb6 29. Nxd6 Bxd6 30. Qe1
1-0

[Event "Amber-blindfold 09th"]
[Site "Monte Carlo"]
[Date "2000.03.18"]
[Round "3"]
[White "Kramnik, Vladimir"]
[Black "Ivanchuk, Vassily"]
[Result "1-0"]
[WhiteElo "2758"]
[BlackElo "2709"]
[Annotator "Huzman,A"]
[PlyCount "45"]
[EventDate "2000.03.16"]
[EventType "tourn (rapid)"]
[EventRounds "11"]
[EventCountry "MNC"]
[EventCategory "18"]
[SourceTitle "CBM 076"]
[Source "ChessBase"]
[SourceDate "2000.05.31"]
[SourceVersion "1"]
[SourceVersionDate "2000.05.31"]
[SourceQuality "1"]

1. Nf3 (1. d4 d6 2. c4 g6 3. Nc3 Bg7 4. e4 Nd7 5. Nf3 e5 6. Be2 Ne7 7. O-O O-O
8. Re1 Nc6 9. Bg5 f6 10. Be3 Kh8 11. d5 Ne7 12. b4 f5 13. Ng5 Nf6 14. f3 h6 15.
Ne6 Bxe6 16. dxe6 Qc8 17. Nd5 Neg8 18. exf5 gxf5 19. Qd3 Ne8 20. c5 Qxe6 21.
cxd6 cxd6 22. Qb3 Ngf6 23. Rad1 $44 {1-0 Gokhale,J-Myo,Z/Kuala Lumpur 1993/EXT
98 (46)}) 1... Nf6 2. c4 g6 3. Nc3 Bg7 4. e4 d6 5. d4 O-O 6. Be2 e5 7. O-O Nc6
8. d5 Ne7 9. b4 Nh5 10. Re1 f5 11. Ng5 Nf6 12. f3 Kh8 13. Be3 Ne8 $146 (13...
Neg8 14. c5 Bh6 15. exf5 Bxf5 (15... gxf5 16. f4 Ng4 17. Bxg4 fxg4 18. Nce4 $16
{1-0 Piket,J-Polgar,J/Aruba (m/3) 1995/ (27)}) 16. Qd2 a5 17. a3 Nh5 18. g3 Qe7
19. cxd6 cxd6 20. bxa5 Rxa5 21. Nb5 Raa8 22. Rac1 Rac8 23. Rxc8 Rxc8 24. Nxd6
Bxg5 25. Nxc8 Bxe3+ 26. Qxe3 Bxc8 27. f4 Nhf6 28. d6 Qxd6 29. fxe5 Qe6 30. Qd4
Qd5 31. Qc3 Ne4 32. Qxc8 $18 {1-0 Har Zvi,R-Gabrielsen,S/Gausdal 1996/CBM 54
ext (35)}) 14. Rc1 c6 $2 (14... h6 15. Ne6 Bxe6 16. dxe6 Qc8 17. Nd5 (17. c5
Qxe6 18. Nb5 (18. cxd6 Nxd6) 18... d5) 17... Qxe6 18. Qd2 $44) 15. c5 $1 Ng8 (
15... h6 16. cxd6 (16. Ne6 Bxe6 17. dxe6 (17. cxd6 Qxd6 18. Bc5 Qd7 19. dxe6
Qxe6 $13) 17... d5 $36) 16... Nxd6 (16... Qxd6 17. Bc5 Qf6 18. d6 hxg5 19. d7
$18) 17. Ne6 Bxe6 18. dxe6 Rf6 19. Qd2 (19. Qb3 Qg8 20. Bc5 Qxe6 21. Qxe6 Rxe6
22. Red1 Nec8 23. b5 $44) 19... Rxe6 20. Red1 $44) 16. exf5 $1 gxf5 17. f4 (17.
dxc6 bxc6 18. cxd6 h6 19. Nh3 Nxd6 20. Bc5 Rf6 21. Qa4 $16) 17... Ne7 18. cxd6
Nxd6 19. dxc6 (19. fxe5 Bxe5 20. Bd4 Bf6 (20... Ng6 21. Nf3 Bxd4+ 22. Qxd4+ Qf6
23. dxc6 bxc6 24. Na4 $16) 21. Bf3 $16) 19... Nxc6 20. Bc5 exf4 21. Bxd6 Qxg5 (
21... Bd4+ 22. Qxd4+ Nxd4 23. Be5+ Kg8 24. Bc4+ Ne6 25. Nxe6 Bxe6 26. Bxe6+ Rf7
27. Nd5 $18) 22. Bxf8 Bxf8 23. Bf3 $1 {[%cal Ge1e8]} 1-0

[Event "Amber-blindfold 09th"]
[Site "Monte Carlo"]
[Date "2000.03.19"]
[Round "4"]
[White "Topalov, Veselin"]
[Black "Kramnik, Vladimir"]
[Result "1/2-1/2"]
[WhiteElo "2702"]
[BlackElo "2758"]
[Annotator "Gofshtein,L"]
[PlyCount "77"]
[EventDate "2000.03.16"]
[EventType "tourn (rapid)"]
[EventRounds "11"]
[EventCountry "MNC"]
[EventCategory "18"]
[SourceTitle "CBM 076"]
[Source "ChessBase"]
[SourceDate "2000.05.31"]
[SourceVersion "1"]
[SourceVersionDate "2000.05.31"]
[SourceQuality "1"]

{[%mdl 4100]} 1. e4 c5 2. Nf3 Nc6 3. d4 cxd4 4. Nxd4 Nf6 5. Nc3 d6 6. Bg5 e6 7.
Qd2 a6 8. O-O-O Be7 9. f4 Nxd4 10. Qxd4 b5 11. Bxf6 gxf6 12. Be2 Qc7 13. f5 (
13. Bh5 Qc5 14. Qxc5 dxc5 15. f5 {[#]} b4 16. Ne2 (16. Na4 Rb8 17. Rhf1 (17.
Rhe1 Rg8 $11 (17... O-O 18. b3 Rb7 19. Bf3 Bd7 20. Nb2 Rc7 21. g4 $14 {0-1
Kroeger,F-Van Laatum,G/Hastings ENG 2000/The Week in Chess 273 (39)})) 17...
Rg8 $11) 16... e5 (16... exf5 17. Bf3 $1 $44) 17. Ng3 (17. b3 Bb7 18. Ng3 c4
19. bxc4 Bc6 $11) 17... c4 $1 18. Be2 c3 $132 {1/2-1/2 Lautier,J-Pelletier,Y/
Biel 1997/CBM 60/(41)}) (13. Bf3 Bb7 14. f5 (14. Kb1 Qc5 15. Qd2 O-O-O 16. Rhe1
Kb8 $11 {Brodsky,M-Poluljahov,A/MK Cafe Koszalin/1997}) 14... h5 15. Kb1 Qc5
16. Qd2 O-O-O 17. a3 $13 {1/2-1/2 Leko,P-Kramnik,V/Frankfurt 1996/EXT 98 (36)})
13... Qc5 14. Qxc5 (14. Qd3 Ra7 15. Bh5 {1/2-1/2 Hracek,Z-Epishin,V/Erevan (06)
1996}) (14. fxe6 Qg5+ $5) 14... dxc5 15. Rhf1 $146 {The idea of this novelty
is to not hasten with fxe6} ({Main line is} 15. fxe6 fxe6 16. Bh5+ Kf8 17. e5 (
17. Rhf1 $6 Ra7 (17... Kg7 18. Rd3 Rd8 $11 {1/2-1/2 Horvath,A-Blehm,P/Oropesa
del Mar ESP 1998 (79)}) 18. e5 f5 19. g4 Kg7 20. gxf5 (20. Rd3 $6 c4 21. Rh3
Rf8 22. gxf5 Rxf5 $15 {1/2-1/2 Tseitlin,M-Epishin,V/St.Petersburg 1997/CBM 59 
(65)}) 20... exf5 21. Nd5 Bg5+ 22. Kb1 $11) 17... f5 18. g4 {but after strong}
Ra7 $1 {Black equalize} (18... b4 19. Ne2 Bg5+ (19... Ra7 20. gxf5 exf5 21. Nf4
$16 {Palac-Smirin,euch-tm 1997}) 20. Kb1 Ke7 21. gxf5 exf5 22. Rhg1 Bh6 $132 {
Perunovic,Milos-Izoria,Zviad/Moscow (6) 1998 (48)}) 19. gxf5 exf5 20. Nd5 Bg5+
21. Kb1 Be6 22. Rhg1 Rd7 $5 (22... Rg8 23. Nf4 $1 $16 Bxf4 (23... Bf7 24. Bxf7
Kxf7 (24... Rxf7 $2 25. Ne6+) 25. Rd7+ $1 Rxd7 26. e6+ Kf6 (26... Ke7 27. exd7
Kxd7 28. h4) 27. exd7 Rd8 28. Rxg5 $1 Kxg5 29. Ne6+ $18) (23... Bc4 24. e6 Rag7
25. Bf7 Bxf4 26. Bxg8 Rxg1 27. Rxg1 Bxh2 28. Rg2 Bd6 29. b3 $16) 24. Rd8+ Ke7
25. Rdxg8 Bxg8 26. Rg7+ $16 {Short-Yermolinsky 1997}) 23. Rxg5 Rxd5 24. Rxf5+ (
24. Rxd5 Bxd5 25. Rxf5+ Ke7 $132) 24... Ke7 25. Rg5 (25. Rxd5 Bxd5 26. Rf6 Rg8
$132) 25... Rg8 26. Rxg8 Rxd1+ 27. Bxd1 Bxg8 28. Bg4 Be6 $44 {1/2-1/2 Grischuk,
A-Grosar,A/Batumi 1999/CBM 74/(48)}) 15... Ra7 {Natural continuation in this
variation} (15... b4 16. Na4 $14) 16. a4 $5 ({Now} 16. fxe6 fxe6 17. Bh5+ Kf8
18. e5 f5 19. g4 Bg5+ 20. Kb1 Kg7 $11 {leads to wellknown position}) (16. g3
Rd7 $132) 16... b4 17. Nb1 {[%cal Gb1d2,Gd2c4]} Rd7 (17... Rg8 18. g3 $14) 18.
Rxd7 Kxd7 19. Nd2 (19. Bh5 Rf8 20. Nd2 Bd6 21. g3 Ke7 22. Nc4 Bc7 $11) 19... h5
$1 {[%csl Rh5] Seems unnecessary, but this move is quite good.} ({After} 19...
Rd8 {[%cal Gd7e8]} 20. Bh5 {White have a little advantage} (20. g3 Ke8 21. Nc4
Bb7 22. Bd3 Rd4 $11) 20... Ke8 (20... exf5 21. exf5 Ke8 22. Be2 Bd6 23. g3 $14)
21. fxe6 Bxe6 22. Be2 Bc8 23. g3 $14 {[%csl Rf6,Rf7]}) 20. Nc4 Kc7 {Good place
for K} 21. b3 exf5 {Kramnik decided to open position for his par BB, but
remains with weaknesses in the kingside} (21... Bb7 22. Bf3 h4 $11) 22. exf5 {
[%csl Rf6,Rf7,Rh5]} Bd6 $6 $14 ({More accurately was} 22... h4 23. Ne3 Bd6 24.
Nd5+ Kb8 25. h3 (25. Nxf6 Bxh2 26. Bc4 Bg3 27. Ne4 Bb7 28. Nxc5 Bxg2 29. Nxa6+
Ka8 30. Rg1 h3 $19) 25... Bb7 26. Bf3 Be5 $11) 23. Nxd6 Kxd6 24. Rf4 (24. Bc4
$5 Ke5 25. g3 (25. Bxf7 Bxf5 26. Re1+ Be4 $11) 25... Bxf5 (25... a5 26. Rd1 {
[%cal Gd1d5]} Bb7 27. Rd7 $16) 26. Bxa6 $14) 24... a5 (24... h4 $6 25. Kd2 Bb7
26. Bf3 (26. c3 bxc3+ 27. Kxc3 h3 (27... Bxg2 28. Bxa6 Ke5 29. Rf2 Be4 30. Re2
Kxf5 31. Kc4 Rb8 32. Bb5 Ke5 33. Kxc5 $16) 28. g3 $16)) (24... Ke5 25. Rc4 $1)
25. g3 Ke5 26. Rh4 $2 $11 (26. Bd3 $1 {Was keep advantage} Rg8 (26... h4 $2 27.
Re4+ $1 Kd6 28. Rxh4 Rxh4 29. gxh4 Ke7 (29... Ke5 30. h5 Bxf5 31. h6 $18) 30.
Kd2 Kf8 31. Ke3 Kg7 32. Kf4 Kh6 33. Bc4 Kh5 34. Ke4 Kxh4 35. Kd5 Bxf5 36. Kxc5
Bxc2 37. Kb6 $18) 27. Re4+ Kd6 28. Rh4 (28. Re2 Rg4 29. Re8 Bb7 30. Rd8+ $14)
28... Rg5 29. Be2 Bxf5 30. Rxh5 Bg6 31. Rh8 $14) (26. Rc4 $2 Ba6 $1 27. Rxc5+
Kd4 $17) 26... Bxf5 27. Rxh5 (27. Bxh5 Bg6 28. Be2 Rxh4 29. gxh4 Be4 30. h5 f5
31. Kd2 (31. h6 f4 32. Bd3 Bxd3 33. cxd3 Kf6 34. Kd2 Kg6 35. Ke2 Kxh6 36. Kf3
Kg5 $19) 31... f4 32. h6 (32. Bd3 f5 33. h4 Kf6 34. Bb5 Kg7 35. c3 (35. Be8 f3
$17) 35... Kh6 $17) 32... Kf6 (32... Bg6 33. Bc4 Kf6 34. h4 Be4 35. Bd3 Bxd3
36. Kxd3 Kg6 37. Ke4 Kxh6 38. Kxf4 Kh5 39. Kg3 Kh6 40. Kg4 Kg6 41. Kf4 (41. h5+
$2 Kh6 42. Kf5 Kxh5 43. Kf6 Kg4 $19) 41... Kh5 42. Kg3 Kh6 $11) 33. Bd3 Bxd3
34. Kxd3 Kg6 35. Ke4 Kxh6 36. Kxf4 Kg6 37. h3 (37. Ke5 Kg5 38. h3 Kh4 39. Kf6
Kxh3 40. Kxf7 Kg4 41. Ke6 Kf4 42. Kd5 Ke3 43. Kxc5 Kd2 44. Kb5 Kxc2 45. Kxa5
Kxb3 $19) 37... Kh5 38. Kf5 Kh4 39. Kf6 Kxh3 40. Kxf7 Kg4 41. Ke6 Kf4 42. Kd5
Ke3 43. Kxc5 Kd2 44. Kb5 Kxc2 45. Kxa5 Kxb3 46. Kb6 Kc4 47. a5 b3 48. a6 b2 49.
a7 b1=Q+ 50. Kc7 Qh7+ $19) 27... Rxh5 28. Bxh5 {[%csl Ye5]} Bg6 29. Be2 (29.
Bxg6 fxg6 30. Kd2 Kd4 31. h4 f5 32. Ke2 Kc3 33. Kd1 c4 34. bxc4 Kxc4 35. Kd2
Kd4 $19) 29... f5 (29... Be4 30. Kd2 f5 31. Ke3 $1 (31. h4 f4 32. gxf4+ Kxf4
33. h5 Kg5 34. c3 f5 35. cxb4 cxb4 36. Bd1 f4 $17 {[%csl Rb3,Rh5]}) 31... Bxc2
32. Bc4 Kf6 33. Kf4 $44) 30. Kd2 f4 $1 {Just in time.} 31. g4 (31. gxf4+ Kxf4
32. h4 Be4 33. c3 f5 $17) 31... Ke4 ({After} 31... f5 $5 {Topalov should find
the only move} 32. Bd3 $1 {[%cal Gd3g6]} (32. gxf5 $2 Bxf5 33. Bd3 Bg4 34. h4
Kd4 35. Bg6 f3 36. Bd3 f2 (36... Bh3 37. h5 $16) 37. Bf1 Ke4 38. Bg2+ Kf4 39.
Bf1 Kg3 40. Ke3 Bf3 41. Bc4 Bh5 42. Bf1 Bg6 $19) (32. g5 $2 f3 33. Bxf3 Kf4 34.
Bd5 Kxg5 35. c3 Kf4 $17) 32... c4 (32... Kf6 33. gxf5 Bxf5 34. Bxf5 Kxf5 35.
Ke2 (35. Kd3 Kg5 36. Ke2 Kg4 37. Kf2 Kh3 38. Kf3 (38. Kg1 Kh4 39. Kg2 Kg4 $11)
38... Kxh2 39. Kxf4 Kg2 40. Ke3 Kf1 41. Kd2 Kf2 42. c3 Kf1 43. cxb4 cxb4 44.
Kd1 $11 (44. Kd3 Ke1 45. Kc4 Kd2 46. Kb5 Kc3 47. Kxa5 Kxb3 48. Kb5 Kc3 49. a5
b3 50. a6 b2 51. a7 b1=Q+ $19)) 35... Kg4 36. Kf2 Kh3 37. Kf3 Kxh2 38. Kxf4 Kg2
39. Ke4 Kf2 40. c4 Ke2 41. Kd5 Kd3 42. Kxc5 Kc3 43. Kb5 Kxb3 44. c5 Ka3 45. c6
b3 46. c7 b2 47. c8=Q b1=Q+ $11) 33. bxc4 (33. Bxc4 fxg4 $17) 33... Be8 34.
Bxf5 Bxa4 35. h4 Kf6 (35... Be8 36. h5 Bxh5 37. gxh5 Kxf5 38. h6 Kg6 39. c5 a4
40. c6 a3 41. c7 a2 42. c8=Q a1=Q 43. Qg4+ Kxh6 44. Qxf4+ Kg6 45. Qxb4 $16) 36.
Bd3 Be8 37. g5+ Kg7 38. c5 a4 39. c6 Bxc6 40. h5 a3 41. h6+ Kg8 42. Bc4+ Kh7
43. Bd3+ Kh8 44. Bc4 $11) 32. h4 f3 33. Bd3+ Kf4 34. Bxg6 fxg6 35. h5 Kg3 (
35... gxh5 36. gxh5 Kg3 37. h6 f2 38. h7 f1=Q 39. h8=Q $11) 36. hxg6 f2 37. g7
f1=Q 38. g8=Q Qf4+ 39. Ke2 1/2-1/2